[Event "Liga Madrileña - DH 2016-2017"]
[Site "Madrid ESP"]
[Date "2016.12.18"]
[Round "4.46"]
[White "Barez Menendez, Hector"]
[Black "Blanco Sanchez, Jose Fernando"]
[Result "1-0"]
[WhiteElo "2142"]
[BlackElo "2025"]
[PlyCount "155"]
[EventDate "2016.11.20"]
[EventType "team-tourn"]
[EventRounds "14"]
[EventCountry "ESP"]
[SourceTitle "Ajedrez en Madrid"]
[Source "lmi"]
[SourceDate "2016.11.20"]
[WhiteTeam "Pueblo Nuevo"]
[BlackTeam "Virgen de Atocha"]
[WhiteTeamCountry "ESP"]
[BlackTeamCountry "ESP"]

1. d4 d6 2. Nf3 g6 3. c4 Bg7 4. Nc3 Nd7 5. e4 e5 6. dxe5 dxe5 7. Be2 c6 8. O-O
Qc7 9. b3 Ngf6 10. Ba3 Bf8 11. Bb2 Be7 12. Qc2 O-O 13. Na4 Nh5 14. Rfe1 Nf4 15.
Bf1 f6 16. c5 Kg7 17. b4 Re8 18. g3 Ne6 19. Qb3 Ndf8 20. Rac1 Bd8 21. Red1 Qe7
22. b5 g5 23. Nd2 g4 24. bxc6 bxc6 25. Nc4 Bc7 26. Nd6 Bxd6 27. cxd6 Qd7 28.
Qc2 Qf7 29. Qe2 Ng5 30. Bg2 Nfe6 31. Nc5 Nxc5 32. Rxc5 Bd7 33. f4 gxf3 34. Bxf3
Qxa2 35. Bh5 Reb8 36. Rc2 Qa5 37. Bc1 Qb5 38. Bxg5 fxg5 39. Qxb5 Rxb5 40. Rf2
Be6 41. Rc1 c5 42. Be2 Ra5 43. Rb1 Rd8 44. Rb7+ Rd7 45. Rxd7+ Bxd7 46. Bc4 Bh3
47. Rf7+ Kg6 48. d7 Ra1+ 49. Kf2 Rd1 50. Bd5 Bxd7 51. Rxd7 Rd2+ 52. Kf3 Rxh2
53. Rxa7 h5 54. Ra6+ Kg7 55. Re6 g4+ 56. Ke3 Rg2 57. Rxe5 Kg6 58. Rf5 Rxg3+ 59.
Kf2 Rh3 60. Bf7+ Kh6 61. e5 Rh2+ 62. Kg3 Rh3+ 63. Kg2 h4 64. e6 Kg7 65. Rg5+
Kf6 66. Rxg4 Rb3 67. Rxh4 Rb2+ 68. Kf1 Rc2 69. Ke1 Rg2 70. Re4 Ke7 71. Re5 Rc2
72. Kd1 Rc3 73. Rd5 Kf8 74. Rd8+ Ke7 75. Rd7+ Kf6 76. Rc7 Rd3+ 77. Kc2 Rd5 78.
Kc3 1-0

[Event "Liga Madrileña - DH 2016-2017"]
[Site "Madrid ESP"]
[Date "2017.01.15"]
[Round "5.11"]
[White "Moreno Ibanez, Miguel"]
[Black "Solaesa Navalpotro, Luis Julio"]
[Result "1/2-1/2"]
[WhiteElo "2286"]
[BlackElo "2215"]
[PlyCount "71"]
[EventDate "2016.11.20"]
[EventType "team-tourn"]
[EventRounds "14"]
[EventCountry "ESP"]
[SourceTitle "Ajedrez en Madrid"]
[Source "lmi"]
[SourceDate "2016.11.20"]
[WhiteTeam "Pueblo Nuevo"]
[BlackTeam "Moratalaz"]
[WhiteTeamCountry "ESP"]
[BlackTeamCountry "ESP"]

1. e4 e5 2. Nf3 Nc6 3. Bb5 a6 4. Ba4 Nf6 5. O-O b5 6. Bb3 Bc5 7. c3 d6 8. d4
Bb6 9. a4 Bb7 10. Re1 h6 11. Na3 O-O 12. Bc2 Re8 13. d5 Ne7 14. Be3 Bxe3 15.
Rxe3 c6 16. dxc6 Bxc6 17. axb5 axb5 18. Bd3 Qb8 19. Qe1 Ng6 20. g3 Qb7 21. c4
bxc4 22. Nxc4 Rxa1 23. Qxa1 Ra8 24. Qe1 Qc7 25. Qc3 Rc8 26. b3 Ba8 27. Re1 Nf8
28. Qd2 Ne6 29. Bb1 Rd8 30. Qe2 Nc5 31. Nfd2 Rb8 32. Bc2 Ne6 33. Nf3 Nc5 34.
Nfd2 Ne6 35. Nf3 Nc5 36. Nfd2 1/2-1/2

[Event "Liga Madrileña - DH 2016-2017"]
[Site "Madrid ESP"]
[Date "2017.01.15"]
[Round "5.12"]
[White "Alonso Nieto, Santiago"]
[Black "Fernandez Lledo, Javier"]
[Result "0-1"]
[WhiteElo "2121"]
[BlackElo "2239"]
[PlyCount "64"]
[EventDate "2016.11.20"]
[EventType "team-tourn"]
[EventRounds "14"]
[EventCountry "ESP"]
[SourceTitle "Ajedrez en Madrid"]
[Source "lmi"]
[SourceDate "2016.11.20"]
[WhiteTeam "Moratalaz"]
[BlackTeam "Pueblo Nuevo"]
[WhiteTeamCountry "ESP"]
[BlackTeamCountry "ESP"]

1. d4 Nf6 2. c4 g6 3. Nc3 Bg7 4. e4 d6 5. f3 O-O 6. Be3 Nbd7 7. Qd2 a6 8. Nge2
c5 9. Nc1 b6 10. Nb3 Bb7 11. Be2 Rc8 12. Rd1 cxd4 13. Bxd4 e6 14. O-O Rc6 15.
f4 e5 16. fxe5 dxe5 17. Be3 Qa8 18. Nd5 Kh8 19. Qd3 b5 20. c5 a5 21. Nb6 Nxb6
22. cxb6 Nxe4 23. Qxe4 Rc4 24. Qd3 Bxg2 25. Rf2 Be4 26. Qd7 Bc6 27. Qc7 Re4 28.
Bc5 Rc8 29. Qxf7 a4 30. b7 Qxb7 31. Qxb7 Bxb7 32. Na5 Ba8 0-1

[Event "Liga Madrileña - DH 2016-2017"]
[Site "Madrid ESP"]
[Date "2017.01.15"]
[Round "5.13"]
[White "Baigorri Navarro, Francisco Javier"]
[Black "Cortes Jurado, Rafael"]
[Result "1-0"]
[WhiteElo "2192"]
[BlackElo "2119"]
[PlyCount "79"]
[EventDate "2016.11.20"]
[EventType "team-tourn"]
[EventRounds "14"]
[EventCountry "ESP"]
[SourceTitle "Ajedrez en Madrid"]
[Source "lmi"]
[SourceDate "2016.11.20"]
[WhiteTeam "Pueblo Nuevo"]
[BlackTeam "Moratalaz"]
[WhiteTeamCountry "ESP"]
[BlackTeamCountry "ESP"]

1. Nf3 Nf6 2. c4 g6 3. Nc3 d5 4. cxd5 Nxd5 5. g3 Bg7 6. Bg2 O-O 7. O-O c5 8.
Qa4 Nc6 9. Qc4 Ndb4 10. Qxc5 a6 11. Qg5 h6 12. Qf4 Bf5 13. g4 g5 14. Qg3 Bg6
15. d3 Rc8 16. h4 gxh4 17. Qxh4 Qd7 18. Bd2 Nc2 19. Rad1 N2d4 20. Nxd4 Nxd4 21.
e3 Nc6 22. d4 Bf6 23. Qg3 e5 24. d5 Ne7 25. e4 Bg7 26. Be3 Rc4 27. Rd2 b5 28.
a3 Nc8 29. d6 Rc6 30. Rfd1 Rd8 31. g5 Rxd6 32. gxh6 Bh8 33. h7+ Kxh7 34. Nd5
Qc6 35. Qh4+ Kg8 36. Bg5 Re8 37. Ne7+ Rxe7 38. Rxd6 Nxd6 39. Bxe7 Nxe4 40. Rd8+
1-0

[Event "Liga Madrileña - DH 2016-2017"]
[Site "Madrid ESP"]
[Date "2017.01.15"]
[Round "5.14"]
[White "Cobo Diego, Fidel"]
[Black "Iturbide Arnedo, Oscar"]
[Result "0-1"]
[WhiteElo "2056"]
[BlackElo "2182"]
[PlyCount "74"]
[EventDate "2016.11.20"]
[EventType "team-tourn"]
[EventRounds "14"]
[EventCountry "ESP"]
[SourceTitle "Ajedrez en Madrid"]
[Source "lmi"]
[SourceDate "2016.11.20"]
[WhiteTeam "Moratalaz"]
[BlackTeam "Pueblo Nuevo"]
[WhiteTeamCountry "ESP"]
[BlackTeamCountry "ESP"]

1. e4 c5 2. Nf3 Nc6 3. d4 cxd4 4. Nxd4 Nf6 5. Nc3 e5 6. Ndb5 d6 7. Bg5 a6 8.
Na3 b5 9. Nd5 Be7 10. Bxf6 Bxf6 11. c4 b4 12. Nc2 O-O 13. g3 a5 14. b3 Be6 15.
Nxf6+ Qxf6 16. Bg2 Qe7 17. O-O Rfd8 18. Qd2 Qa7 19. Kh1 Qc5 20. Rfd1 a4 21. f4
f6 22. f5 Bf7 23. g4 h6 24. h4 Kf8 25. g5 hxg5 26. hxg5 Ke7 27. Bf3 Rh8+ 28.
Kg2 Bh5 29. gxf6+ gxf6 30. Bxh5 Rxh5 31. Rh1 Rg8+ 32. Kf3 Rhg5 33. Rh7+ Ke8 34.
Qh2 Nd4+ 35. Nxd4 Qxd4 36. Rh1 Qd3+ 37. Kf2 Rg2+ 0-1

[Event "Liga Madrileña - DH 2016-2017"]
[Site "Madrid ESP"]
[Date "2017.01.15"]
[Round "5.15"]
[White "Nieto de la Cruz, Julio"]
[Black "Gonzalez Rivera, Eduardo"]
[Result "1-0"]
[WhiteElo "2144"]
[BlackElo "2040"]
[PlyCount "39"]
[EventDate "2016.11.20"]
[EventType "team-tourn"]
[EventRounds "14"]
[EventCountry "ESP"]
[SourceTitle "Ajedrez en Madrid"]
[Source "lmi"]
[SourceDate "2016.11.20"]
[WhiteTeam "Pueblo Nuevo"]
[BlackTeam "Moratalaz"]
[WhiteTeamCountry "ESP"]
[BlackTeamCountry "ESP"]

1. d4 d5 2. Nf3 Nf6 3. Bf4 Bf5 4. e3 e6 5. Ne5 Bd6 6. Be2 h6 7. c4 c6 8. Qb3
Bxb1 9. Qxb7 Qa5+ 10. Kf1 Bxe5 11. Bxe5 Ne4 12. Qxa8 O-O 13. Qb7 Na6 14. cxd5
Nb4 15. dxe6 Nc2 16. Rxb1 Nd2+ 17. Kg1 Nxb1 18. exf7+ Kh8 19. Qe7 Qb4 20. Qxb4
1-0

[Event "Liga Madrileña - DH 2016-2017"]
[Site "Madrid ESP"]
[Date "2017.01.15"]
[Round "5.16"]
[White "Garcia Gonzalez, Jesus"]
[Black "Barez Menendez, Hector"]
[Result "0-1"]
[WhiteElo "2033"]
[BlackElo "2142"]
[PlyCount "86"]
[EventDate "2016.11.20"]
[EventType "team-tourn"]
[EventRounds "14"]
[EventCountry "ESP"]
[SourceTitle "Ajedrez en Madrid"]
[Source "lmi"]
[SourceDate "2016.11.20"]
[WhiteTeam "Moratalaz"]
[BlackTeam "Pueblo Nuevo"]
[WhiteTeamCountry "ESP"]
[BlackTeamCountry "ESP"]

1. e4 e5 2. Nc3 Nf6 3. f4 d5 4. fxe5 Nxe4 5. d3 Nxc3 6. bxc3 d4 7. Nf3 Nc6 8.
Be2 Bc5 9. Bg5 Qd5 10. c4 Bb4+ 11. Bd2 Qa5 12. Bxb4 Qxb4+ 13. Qd2 Qxd2+ 14.
Kxd2 O-O 15. c3 dxc3+ 16. Kxc3 f6 17. exf6 Rxf6 18. Rhf1 Bg4 19. Ng1 Rxf1 20.
Rxf1 Bxe2 21. Nxe2 Re8 22. Rf2 Re5 23. Ng3 Ra5 24. Kb3 Ra6 25. Ne4 Nd4+ 26. Kc3
Ne6 27. Kb4 Rb6+ 28. Kc3 Rb1 29. Rb2 Rxb2 30. Kxb2 Nf4 31. Nc5 Nxg2 32. Nxb7
Ne1 33. Kc3 Nf3 34. h3 g5 35. Nd8 h5 36. Ne6 c6 37. d4 Kf7 38. Nc5 Ng1 39. Ne4
Nxh3 40. Kb4 g4 41. Kc5 h4 42. Kxc6 g3 43. Nd6+ Kg6 0-1

[Event "Liga Madrileña - DH 2016-2017"]
[Site "Madrid ESP"]
[Date "2017.01.15"]
[Round "5.21"]
[White "Bolado Saez, Sergio"]
[Black "Valles Moreno, Ivan"]
[Result "0-1"]
[WhiteElo "2370"]
[BlackElo "2438"]
[PlyCount "78"]
[EventDate "2016.11.20"]
[EventType "team-tourn"]
[EventRounds "14"]
[EventCountry "ESP"]
[SourceTitle "Ajedrez en Madrid"]
[Source "lmi"]
[SourceDate "2016.11.20"]
[WhiteTeam "Blanco y Negro"]
[BlackTeam "Liberty Chess"]
[WhiteTeamCountry "ESP"]
[BlackTeamCountry "ESP"]

1. d4 Nf6 2. c4 g6 3. f3 e6 4. e4 c5 5. d5 d6 6. Ne2 Bg7 7. Nec3 O-O 8. Be3 Ne8
9. Be2 f5 10. exf5 exf5 11. f4 Nf6 12. Qd2 Re8 13. Na3 Ng4 14. Bg1 a6 15. Kf1
Nd7 16. h3 Ngf6 17. Bf3 b5 18. cxb5 Nb6 19. Re1 axb5 20. Naxb5 Ba6 21. Rxe8+
Qxe8 22. Be2 Ne4 23. Nxe4 Qxe4 24. b3 Qb1+ 25. Qe1 Qxa2 26. Bf2 Re8 27. Qd1
Rxe2 28. Qxe2 Qxe2+ 29. Kxe2 Bxb5+ 30. Kd2 Nxd5 31. g3 Kf7 32. Rc1 Nf6 33. Be1
Ne4+ 34. Ke3 Bb2 35. Rc2 Bd4+ 36. Kf3 h5 37. h4 Ke6 38. Ra2 Bc6 39. Ra6 Bd5 0-1

[Event "Liga Madrileña - DH 2016-2017"]
[Site "Madrid ESP"]
[Date "2017.01.15"]
[Round "5.22"]
[White "Perez Gonzalez, Jose Manuel"]
[Black "Alarcia Astiz, Carlos"]
[Result "1/2-1/2"]
[WhiteElo "2322"]
[BlackElo "2331"]
[PlyCount "80"]
[EventDate "2016.11.20"]
[EventType "team-tourn"]
[EventRounds "14"]
[EventCountry "ESP"]
[SourceTitle "Ajedrez en Madrid"]
[Source "lmi"]
[SourceDate "2016.11.20"]
[WhiteTeam "Liberty Chess"]
[BlackTeam "Blanco y Negro"]
[WhiteTeamCountry "ESP"]
[BlackTeamCountry "ESP"]

1. e4 c6 2. d4 d5 3. e5 Bf5 4. Nf3 e6 5. Be2 h6 6. O-O Ne7 7. b3 a5 8. c4 Bh7
9. Ba3 Nd7 10. Nc3 Nf5 11. Bxf8 Nxf8 12. Qd2 Ng6 13. cxd5 exd5 14. Bd3 Ngh4 15.
Nxh4 Qxh4 16. f4 O-O 17. Qc2 Qh5 18. h3 Kh8 19. Qf2 f6 20. Ne2 Ne7 21. Bxh7
Kxh7 22. Rae1 f5 23. Nc3 g5 24. Re3 Rg8 25. fxg5 hxg5 26. g4 fxg4 27. Qf7+ Qxf7
28. Rxf7+ Rg7 29. Rxg7+ Kxg7 30. hxg4 Rf8 31. Ne2 Ng6 32. Ng3 Nh4 33. Nh5+ Kf7
34. Kh2 Ke6 35. Kg3 Rf1 36. Ng7+ Ke7 37. e6 Rg1+ 38. Kh3 Rh1+ 39. Kg3 Rg1+ 40.
Kh3 Rh1+ 1/2-1/2

[Event "Liga Madrileña - DH 2016-2017"]
[Site "Madrid ESP"]
[Date "2017.01.15"]
[Round "5.23"]
[White "Renteria Becerra, Jorge Elicer"]
[Black "Fernandez Garcia, Miguel Angel"]
[Result "1-0"]
[WhiteElo "2226"]
[BlackElo "2366"]
[PlyCount "69"]
[EventDate "2016.11.20"]
[EventType "team-tourn"]
[EventRounds "14"]
[EventCountry "ESP"]
[SourceTitle "Ajedrez en Madrid"]
[Source "lmi"]
[SourceDate "2016.11.20"]
[WhiteTeam "Blanco y Negro"]
[BlackTeam "Liberty Chess"]
[WhiteTeamCountry "ESP"]
[BlackTeamCountry "ESP"]

1. e4 Nf6 2. e5 Nd5 3. c4 Nb6 4. d4 d6 5. exd6 cxd6 6. Nc3 g6 7. Be3 Bg7 8. Rc1
O-O 9. b3 Bf5 10. Be2 Re8 11. Nf3 Bg4 12. O-O Nc6 13. h3 Bxf3 14. Bxf3 a6 15.
Qd2 Nd7 16. d5 Nce5 17. Be2 f5 18. Na4 b6 19. f4 Nf7 20. b4 a5 21. bxa5 bxa5
22. Rb1 Nf6 23. Bf3 Rc8 24. c5 e5 25. dxe6 Rxe6 26. Bb7 Rc7 27. c6 Qe7 28. Rfe1
Re4 29. Nc3 d5 30. Nxe4 Nxe4 31. Qxd5 Nc3 32. Qd3 Nxb1 33. Rxb1 Nd8 34. Qd5+
Ne6 35. Bb6 1-0

[Event "Liga Madrileña - DH 2016-2017"]
[Site "Madrid ESP"]
[Date "2017.01.15"]
[Round "5.24"]
[White "Garcia Cuenca, Victor Manuel"]
[Black "Beltran de Heredia Eguiaz, Miguel Angel"]
[Result "1-0"]
[WhiteElo "2339"]
[BlackElo "2224"]
[PlyCount "87"]
[EventDate "2016.11.20"]
[EventType "team-tourn"]
[EventRounds "14"]
[EventCountry "ESP"]
[SourceTitle "Ajedrez en Madrid"]
[Source "lmi"]
[SourceDate "2016.11.20"]
[WhiteTeam "Liberty Chess"]
[BlackTeam "Blanco y Negro"]
[WhiteTeamCountry "ESP"]
[BlackTeamCountry "ESP"]

1. d4 Nf6 2. Nf3 g6 3. g3 Bg7 4. Bg2 O-O 5. O-O d6 6. c4 Nbd7 7. Nc3 e5 8. e4
exd4 9. Nxd4 Re8 10. Re1 Nc5 11. h3 Bd7 12. b4 Ne6 13. Nb3 h6 14. Bd2 c6 15.
Rc1 h5 16. Be3 h4 17. g4 Nh7 18. Qxd6 Bf8 19. Qd3 Bxb4 20. Red1 Nef8 21. Nc5
Bxc5 22. Bxc5 Qa5 23. Bd6 Ne6 24. Rb1 Rad8 25. Qe3 Bc8 26. c5 g5 27. e5 Nf4 28.
Ne4 Qa4 29. Bf1 Nd5 30. Rxd5 cxd5 31. Nf6+ Kh8 32. Nxh7 Kxh7 33. Qxg5 Qe4 34.
Rb3 Qg6 35. Qxh4+ Qh6 36. Qg3 Kg7 37. Rf3 Re6 38. Bd3 Rh8 39. Kg2 Kg8 40. Bf5
Re8 41. Bxc8 Rxc8 42. Rf6 Qd2 43. Qf3 Qe1 44. e6 1-0

[Event "Liga Madrileña - DH 2016-2017"]
[Site "Madrid ESP"]
[Date "2017.01.15"]
[Round "5.25"]
[White "Alba Linero, Emilio"]
[Black "Suarez Triguero, Jose Alfonso"]
[Result "0-1"]
[WhiteElo "2202"]
[BlackElo "2100"]
[PlyCount "106"]
[EventDate "2016.11.20"]
[EventType "team-tourn"]
[EventRounds "14"]
[EventCountry "ESP"]
[SourceTitle "Ajedrez en Madrid"]
[Source "lmi"]
[SourceDate "2016.11.20"]
[WhiteTeam "Blanco y Negro"]
[BlackTeam "Liberty Chess"]
[WhiteTeamCountry "ESP"]
[BlackTeamCountry "ESP"]

1. e4 e6 2. d3 b6 3. Nf3 Bb7 4. g3 d5 5. Nbd2 dxe4 6. dxe4 Nc6 7. c3 Nf6 8. Qa4
a6 9. Bg2 Qd3 10. Ne5 Qb5 11. Qxb5 axb5 12. Nxc6 Bxc6 13. b4 g6 14. Bb2 Bg7 15.
O-O O-O 16. Rfe1 Rfd8 17. Nb3 e5 18. Bc1 Ne8 19. Bf1 Nd6 20. f3 Bd7 21. Bd3 Be6
22. Bc2 Nc4 23. Kf2 f6 24. Rd1 Rxd1 25. Bxd1 Bf8 26. Bc2 Kf7 27. a3 h5 28. Nd2
Nxd2 29. Bxd2 Bc4 30. Bc1 Bd6 31. h4 Ke7 32. Bb2 Rg8 33. Rh1 c5 34. Bd1 Bf7 35.
Be2 Bc4 36. Bd1 f5 37. Bc2 Be6 38. Bc1 cxb4 39. cxb4 Rc8 40. Bg5+ Kf7 41. Bd3
Rc3 42. Bxb5 Rxa3 43. Rd1 Bxb4 44. Rd8 Ra2+ 45. Kf1 Ra1+ 46. Ke2 fxe4 47. fxe4
Re1+ 48. Kf2 Rxe4 49. Rb8 Bc5+ 50. Kf3 Bd5 51. Be8+ Kg7 52. Rd8 Rd4+ 53. Kf2
Bf7 0-1

[Event "Liga Madrileña - DH 2016-2017"]
[Site "Madrid ESP"]
[Date "2017.01.15"]
[Round "5.26"]
[White "Pablos Tenrero, Raquel"]
[Black "Rodriguez Melendez, Juan Humberto"]
[Result "0-1"]
[WhiteElo "2033"]
[BlackElo "2166"]
[PlyCount "86"]
[EventDate "2016.11.20"]
[EventType "team-tourn"]
[EventRounds "14"]
[EventCountry "ESP"]
[SourceTitle "Ajedrez en Madrid"]
[Source "lmi"]
[SourceDate "2016.11.20"]
[WhiteTeam "Liberty Chess"]
[BlackTeam "Blanco y Negro"]
[WhiteTeamCountry "ESP"]
[BlackTeamCountry "ESP"]

1. e4 c5 2. Nf3 d6 3. d4 cxd4 4. Nxd4 Nf6 5. Nc3 a6 6. h3 e5 7. Nde2 Be6 8. g4
d5 9. g5 Nxe4 10. Nxe4 dxe4 11. Qxd8+ Kxd8 12. Bg2 Nc6 13. Be3 Bb4+ 14. c3 Be7
15. Bxe4 Kc7 16. Ng3 Rad8 17. Nf5 Bf8 18. b3 g6 19. Ng3 h6 20. h4 Ne7 21. Ke2
Nd5 22. Rhc1 Nxe3 23. Kxe3 Be7 24. Rd1 hxg5 25. hxg5 Bxg5+ 26. Ke2 f5 27. Bc2
Bf4 28. Nf1 e4 29. Rxd8 Kxd8 30. Rd1+ Ke7 31. f3 exf3+ 32. Kxf3 g5 33. Kg2 Kf6
34. c4 g4 35. Rd4 Be5 36. Rd2 Rh3 37. Rf2 Kg5 38. Re2 Kf6 39. Rf2 f4 40. Be4 b6
41. Rd2 Bc3 42. Rd1 Bb4 43. Nd2 Re3 0-1

[Event "Liga Madrileña - DH 2016-2017"]
[Site "Madrid ESP"]
[Date "2017.01.15"]
[Round "5.31"]
[White "Rodriguez Cespedes, Amador"]
[Black "Almagro Llamas, Pablo"]
[Result "1/2-1/2"]
[WhiteElo "2424"]
[BlackElo "2446"]
[PlyCount "37"]
[EventDate "2016.11.20"]
[EventType "team-tourn"]
[EventRounds "14"]
[EventCountry "ESP"]
[SourceTitle "Ajedrez en Madrid"]
[Source "lmi"]
[SourceDate "2016.11.20"]
[WhiteTeam "64 Villalba"]
[BlackTeam "Virgen de Atocha"]
[WhiteTeamCountry "ESP"]
[BlackTeamCountry "ESP"]

1. e4 c5 2. Nf3 Nc6 3. d4 cxd4 4. Nxd4 Nf6 5. Nc3 d6 6. Bg5 Qb6 7. Nb3 e6 8.
Be2 Be7 9. O-O O-O 10. Bxf6 Bxf6 11. Qxd6 Rd8 12. Qg3 Be5 13. Qh3 Nb4 14. Rad1
Bd7 15. Nd2 Qc7 16. Nc4 Nxc2 17. Nxe5 Qxe5 18. Qd3 Nb4 19. Qe3 1/2-1/2

[Event "Liga Madrileña - DH 2016-2017"]
[Site "Madrid ESP"]
[Date "2017.01.15"]
[Round "5.32"]
[White "Rubio Mejia, Luis Ignacio"]
[Black "Longa Yauca, Javier"]
[Result "1/2-1/2"]
[WhiteElo "2443"]
[BlackElo "2353"]
[PlyCount "111"]
[EventDate "2016.11.20"]
[EventType "team-tourn"]
[EventRounds "14"]
[EventCountry "ESP"]
[SourceTitle "Ajedrez en Madrid"]
[Source "lmi"]
[SourceDate "2016.11.20"]
[WhiteTeam "Virgen de Atocha"]
[BlackTeam "64 Villalba"]
[WhiteTeamCountry "ESP"]
[BlackTeamCountry "ESP"]

1. d4 Nf6 2. c4 e6 3. Nf3 b6 4. g3 Bb7 5. Bg2 Bb4+ 6. Bd2 Qe7 7. O-O Bxd2 8.
Qxd2 Ne4 9. Qf4 d5 10. Rc1 c5 11. cxd5 exd5 12. dxc5 bxc5 13. Qe5 Qxe5 14. Nxe5
Na6 15. Nc3 Nxc3 16. bxc3 Rb8 17. Rab1 f6 18. Nd3 Ke7 19. c4 Ba8 20. Rxb8 Rxb8
21. cxd5 Kd6 22. e4 Nb4 23. Nxc5 Nxa2 24. Ra1 Kxc5 25. Rxa2 Rb1+ 26. Bf1 Bb7
27. Rxa7 f5 28. exf5 Kd6 29. Ra2 Bxd5 30. Rd2 Kc5 31. f4 Bc4 32. Rf2 Bb3 33.
Kg2 Bd5+ 34. Kh3 Kd4 35. g4 Rb3+ 36. Kh4 Ke3 37. Re2+ Kxf4 38. Bg2 Bxg2 39.
Rxg2 Ra3 40. Re2 Ra6 41. Rf2+ Ke5 42. Kg5 h6+ 43. Kh5 Kf6 44. h4 Kf7 45. Rb2
Ra7 46. Rb6 Rc7 47. Ra6 Rd7 48. g5 hxg5 49. hxg5 Rc7 50. Ra8 Rc6 51. Ra7+ Kf8
52. f6 gxf6 53. g6 Rc2 54. Rf7+ Kg8 55. Rxf6 Rh2+ 56. Kg5 1/2-1/2

[Event "Liga Madrileña - DH 2016-2017"]
[Site "Madrid ESP"]
[Date "2017.01.15"]
[Round "5.33"]
[White "Veganzonez Rojo, David"]
[Black "Espinosa Aranda, Angel"]
[Result "1/2-1/2"]
[WhiteElo "2117"]
[BlackElo "2442"]
[PlyCount "115"]
[EventDate "2016.11.20"]
[EventType "team-tourn"]
[EventRounds "14"]
[EventCountry "ESP"]
[SourceTitle "Ajedrez en Madrid"]
[Source "lmi"]
[SourceDate "2016.11.20"]
[WhiteTeam "64 Villalba"]
[BlackTeam "Virgen de Atocha"]
[WhiteTeamCountry "ESP"]
[BlackTeamCountry "ESP"]

1. c4 c5 2. g3 Nc6 3. Bg2 g6 4. Nc3 Bg7 5. Nf3 d6 6. O-O Bf5 7. d3 Qd7 8. Re1
Bh3 9. Bh1 h5 10. e3 Bg4 11. Qd2 Nh6 12. b3 Nf5 13. Bb2 h4 14. Ne4 e5 15. d4
hxg3 16. fxg3 cxd4 17. exd4 Bxf3 18. Bxf3 Ncxd4 19. Bxd4 Nxd4 20. Qxd4 exd4 21.
Nf6+ Kd8 22. Nxd7 Kxd7 23. Bxb7 Rae8 24. Rad1 Bh6 25. Rxe8 Rxe8 26. Kf1 Be3 27.
Bd5 Re5 28. Kg2 f5 29. b4 Bg5 30. Rxd4 Re2+ 31. Kf3 Rxh2 32. Bf7 Bf6 33. Rd3 g5
34. g4 Rh3+ 35. Ke2 fxg4 36. Rxh3 gxh3 37. Kf3 Be5 38. b5 Kc7 39. Kg4 h2 40.
Bd5 Bf4 41. Kh3 Kb6 42. Kg2 Kc5 43. Be6 Be5 44. Bd5 g4 45. Be6 g3 46. Bd5 Kb4
47. Be6 Bd4 48. Bd5 Bf2 49. Kh1 Ka5 50. Kg2 Kb6 51. Kh1 a5 52. bxa6 Kxa6 53.
Kg2 Ka5 54. Kh1 Ka4 55. Kg2 Ka3 56. Kh1 Bc5 57. Kg2 Bf2 58. Kh1 1/2-1/2

[Event "Liga Madrileña - DH 2016-2017"]
[Site "Madrid ESP"]
[Date "2017.01.15"]
[Round "5.34"]
[White "Plazuelo Pascual, Juan"]
[Black "Palomino Menendez, Salvador"]
[Result "1-0"]
[WhiteElo "2307"]
[BlackElo "1932"]
[PlyCount "79"]
[EventDate "2016.11.20"]
[EventType "team-tourn"]
[EventRounds "14"]
[EventCountry "ESP"]
[SourceTitle "Ajedrez en Madrid"]
[Source "lmi"]
[SourceDate "2016.11.20"]
[WhiteTeam "Virgen de Atocha"]
[BlackTeam "64 Villalba"]
[WhiteTeamCountry "ESP"]
[BlackTeamCountry "ESP"]

1. d4 Nf6 2. c4 e6 3. Nf3 b6 4. e3 Bb7 5. Bd3 d5 6. b3 Bd6 7. O-O O-O 8. Bb2
Nbd7 9. Nc3 a6 10. a4 Bb4 11. Na2 Bd6 12. a5 c5 13. cxd5 exd5 14. axb6 Qxb6 15.
dxc5 Bxc5 16. b4 Be7 17. Bd4 Qe6 18. Ng5 Qd6 19. Qb1 h6 20. Nf3 Ne4 21. Qb2 Bf6
22. Rfd1 Qe6 23. Bxf6 Qxf6 24. Qxf6 Ndxf6 25. Nd4 g6 26. Nc1 Rfc8 27. Ncb3 Nc3
28. Rdc1 Rc7 29. Na5 Bc8 30. f3 Nb5 31. Bxb5 Rxc1+ 32. Rxc1 axb5 33. Nxb5 Bd7
34. Nd4 Kf8 35. Kf2 Ke7 36. Nac6+ Bxc6 37. Rxc6 Nd7 38. Rc2 Ne5 39. Ke2 Rb8 40.
f4 1-0

[Event "Liga Madrileña - DH 2016-2017"]
[Site "Madrid ESP"]
[Date "2017.01.15"]
[Round "5.35"]
[White "Fernandez Bonilla, Miguel Arcangel"]
[Black "Quispe Arteaga, Gabriel"]
[Result "1/2-1/2"]
[WhiteElo "1807"]
[BlackElo "2270"]
[PlyCount "69"]
[EventDate "2016.11.20"]
[EventType "team-tourn"]
[EventRounds "14"]
[EventCountry "ESP"]
[SourceTitle "Ajedrez en Madrid"]
[Source "lmi"]
[SourceDate "2016.11.20"]
[WhiteTeam "64 Villalba"]
[BlackTeam "Virgen de Atocha"]
[WhiteTeamCountry "ESP"]
[BlackTeamCountry "ESP"]

1. Nf3 d5 2. c4 e6 3. g3 Nf6 4. Bg2 Be7 5. O-O O-O 6. Ne5 Nbd7 7. Nxd7 Qxd7 8.
b3 b6 9. Ba3 c5 10. Nc3 Bb7 11. cxd5 Nxd5 12. Nxd5 Bxd5 13. e4 Bc6 14. d4 Qb7
15. d5 Bb5 16. Re1 e5 17. Bb2 Bd6 18. Qg4 Bd7 19. Qg5 f6 20. Qh5 Qc8 21. Qe2 b5
22. Rac1 Qb7 23. Rb1 a5 24. Rec1 Rfc8 25. Bf1 a4 26. Qd1 axb3 27. axb3 Ra2 28.
Bc3 Qa7 29. Ra1 c4 30. Rxa2 Qxa2 31. bxc4 bxc4 32. Qc2 Qb3 33. Bd2 Qxc2 34.
Rxc2 Bb5 35. Be2 1/2-1/2

[Event "Liga Madrileña - DH 2016-2017"]
[Site "Madrid ESP"]
[Date "2017.01.15"]
[Round "5.41"]
[White "Vazquez Igarza, Renier"]
[Black "Candela Perez, Jose"]
[Result "1-0"]
[WhiteElo "2566"]
[BlackElo "2400"]
[PlyCount "99"]
[EventDate "2016.11.20"]
[EventType "team-tourn"]
[EventRounds "14"]
[EventCountry "ESP"]
[SourceTitle "Ajedrez en Madrid"]
[Source "lmi"]
[SourceDate "2016.11.20"]
[WhiteTeam "Collado Villalba"]
[BlackTeam "La Casa del Ajedrez"]
[WhiteTeamCountry "ESP"]
[BlackTeamCountry "ESP"]

1. d4 d5 2. Nf3 Nf6 3. Bf4 e6 4. e3 Bd6 5. Bg3 c5 6. c3 O-O 7. Nbd2 b6 8. Bd3
Ba6 9. Bxa6 Nxa6 10. Bh4 Be7 11. O-O Nb8 12. a3 Nc6 13. Re1 cxd4 14. exd4 Nh5
15. Bxe7 Nxe7 16. Ne5 Nf4 17. g3 Nfg6 18. Nd3 Nf5 19. Qg4 Re8 20. h4 Nf8 21. h5
h6 22. Re2 Nh7 23. Rae1 Nf6 24. Qh3 Nd6 25. Ne5 b5 26. f3 Nd7 27. Nd3 Nc4 28.
g4 Nxd2 29. Rxd2 Qc7 30. Rg2 Kh8 31. Qh4 Qd8 32. Qg3 Nf8 33. f4 f6 34. g5 fxg5
35. Ne5 Kg8 36. fxg5 Qxg5 37. Qh2 Qe7 38. Rf1 Nh7 39. Rf7 Qxf7 40. Nxf7 Kxf7
41. Qc7+ Re7 42. Rxg7+ Kxg7 43. Qxe7+ Kh8 44. Qxe6 Rg8+ 45. Kh1 Rg5 46. Qxh6 a5
47. Kh2 a4 48. Kh1 Kg8 49. Qe6+ Kf8 50. h6 1-0